[Event "FRA-chT3 Gr14 0607"]
[Site "France"]
[Date "2007.04.01"]
[Round "9.7"]
[White "Simard, Jean Louis"]
[Black "Grandadam, Patrick"]
[Result "0-1"]
[WhiteElo "1740"]
[BlackElo "1930"]
[PlyCount "72"]
[EventDate "2006.10.15"]
[EventType "team"]
[EventRounds "9"]
[EventCountry "FRA"]
[SourceTitle "EXT 2008"]
[Source "ChessBase"]
[SourceDate "2007.11.25"]
[SourceVersion "1"]
[SourceVersionDate "2007.11.25"]
[SourceQuality "1"]

1. e4 e6 2. d4 d5 3. exd5 exd5 4. Bd3 Bd6 5. Nc3 c6 6. Be3 Ne7 7. Nge2 0-0 8. Qd2 Bf5 9. Ng3 Bxd3 10. Qxd3 Re8 11. 0-0-0 b5 12. a3 a5 13. Na2 Nd7 14. Kb1 Qc7 15. Bc1 Reb8 16. Rhe1 c5 17. Nf5 c4 18. Nxe7+ Bxe7 19. Qf5 Nb6 20. Re3 Bf8 21. Rh3 g6 22. Qf6 Qe7 23. Qxe7 Bxe7 24. Re1 Bf6 25. c3 Na4 26. Bf4 Rb7 27. Be5 Be7 28. Kc2 b4 29. axb4 axb4 30. Nxb4 Bxb4 31. cxb4 Rxb4 32. Rb1 Ra6 33. b3 f6 34. Bf4 cxb3+ 35. Rhxb3 Rxd4 36. Be3 Rc6+ 0-1

[Event "FRA-chT3 Gr14 0607"]
[Site "France"]
[Date "2007.01.21"]
[Round "5.7"]
[White "Mannheim, Pascal"]
[Black "Simard, Jean Louis"]
[Result "1-0"]
[WhiteElo "1960"]
[BlackElo "1740"]
[PlyCount "49"]
[EventDate "2006.10.15"]
[EventType "team"]
[EventRounds "9"]
[EventCountry "FRA"]
[SourceTitle "EXT 2008"]
[Source "ChessBase"]
[SourceDate "2007.11.25"]
[SourceVersion "1"]
[SourceVersionDate "2007.11.25"]
[SourceQuality "1"]

1. e4 c6 2. d4 d5 3. exd5 cxd5 4. Bd3 g6 5. Nf3 Bg7 6. 0-0 Nf6 7. Re1 0-0 8. c3 Nc6 9. h3 Re8 10. Bf4 Nd7 11. Nbd2 e5 12. dxe5 Ndxe5 13. Bb5 Bd7 14. Qb3 Nxf3+ 15. Nxf3 Qb6 16. Be3 d4 17. Bxc6 dxe3 18. Qxb6 axb6 19. Bxd7 Re7 20. Bb5 exf2+ 21. Kxf2 Kf8 22. a4 Rd8 23. Rad1 Rc8 24. Rxe7 Kxe7 25. Rd7+ 1-0